Solid state physics (Record no. 1213647)

MARC details
000 -LEADER
fixed length control field 00957nam a2200313Ia 4500
003 - CONTROL NUMBER IDENTIFIER
control field OSt
005 - DATE AND TIME OF LATEST TRANSACTION
control field 20221007124519.0
008 - FIXED-LENGTH DATA ELEMENTS--GENERAL INFORMATION
fixed length control field 221006b |||||||| |||| 00| 0 eng d
020 ## - INTERNATIONAL STANDARD BOOK NUMBER
International Standard Book Number 9788131500521 (pbk)
037 ## - SOURCE OF ACQUISITION
Terms of availability Textual
040 ## - CATALOGING SOURCE
Original cataloging agency CDL
Transcribing agency CDL
Language of cataloging eng
041 ## - LANGUAGE CODE
Source of code eng
Language code of text/sound track or separate title eng
100 ## - MAIN ENTRY--PERSONAL NAME
Personal name Ashcroft Neil W
9 (RLIN) 474886
245 #0 - TITLE STATEMENT
Title Solid state physics
Remainder of title Mermin N David
260 ## - PUBLICATION, DISTRIBUTION, ETC.
Place of publication, distribution, etc. Andover
Name of publisher, distributor, etc. Cengage
Date of publication, distribution, etc. 1976
300 ## - PHYSICAL DESCRIPTION
Extent xxi; 826p.
Dimensions cm.
500 ## - GENERAL NOTE
General note Index 799-826p.
650 ## - SUBJECT ADDED ENTRY--TOPICAL TERM
Topical term or geographic name entry element Crystal lattices
650 ## - SUBJECT ADDED ENTRY--TOPICAL TERM
Topical term or geographic name entry element Solid state physics
650 ## - SUBJECT ADDED ENTRY--TOPICAL TERM
Topical term or geographic name entry element Surface effects
650 ## - SUBJECT ADDED ENTRY--TOPICAL TERM
Topical term or geographic name entry element Chemistry
700 ## - ADDED ENTRY--PERSONAL NAME
Personal name Mermin N David
9 (RLIN) 474887
942 ## - ADDED ENTRY ELEMENTS (KOHA)
Classification part C21, L6-;1 Carc
Koha item type Textual
Source of classification or shelving scheme Colon Classification (CC)
Holdings
Withdrawn status Lost status Source of classification or shelving scheme Damaged status Not for loan Home library Current library Date acquired Source of acquisition Total Checkouts Full call number Barcode Date last seen Price effective from Koha item type Public note
    Colon Classification (CC)     Department of Chemistry Library Department of Chemistry Library 2022-10-07 280, 24/03/2014, N R Book Distributors   C21 L6-;1 Carc CD0008606 2022-10-07 2022-10-07 Textual { 14th Indian reprint 2013 }
Copyright @ Delhi University Library System